| 000 | 00797nmc a2200301 a 4500 | ||
|---|---|---|---|
| 003 | AR-Y00000XR | ||
| 005 | 20251128211950.0 | ||
| 008 | 167020s2005 ||||||||||||||000 | spa|| | ||
| 020 | _a950-557-647-1 | ||
| 040 | _cAR-Y00000XR | ||
| 100 | 1 | _aMujica Láinez, Manuel | |
| 245 | 1 | 0 |
_aLos dominios de la belleza _bantología de relatos y crónicas |
| 250 | _a1ª ed. | ||
| 260 |
_aBuenos Aires _bFCE _c2005 |
||
| 300 | 0 | _a487 p. | |
| 490 | 0 | _aTierra firme | |
| 504 | _aContiene referencias bibliográficas | ||
| 650 | 4 | _aCUENTOS | |
| 650 | 4 | _aLITERATURA ARGENTINA | |
| 650 | 4 | _aANTOLOGIAS | |
| 653 | 0 | _aCRONICAS | |
| 653 | 0 | _aNARRATIVA | |
| 653 | 0 | _aRELATOS DE VIAJES | |
| 655 | _aLITERATURA | ||
| 700 | 1 |
_aLaera, Alejandra _eselección |
|
| 942 | _cBK | ||
| 998 | _cme-solo cat | ||
| 999 |
_c21829 _d21829 |
||